Empleo, horas trabajadas y salarios pagados en las industrias manufactureras, construcción y eléctricas, marzo de 1973

Guardado en:
書目詳細資料
企業作者: Costa Rica. Ministerio de Trabajo y Seguridad Social
格式: Texto
出版: San José : MTSS. Depto. de Investigaciones Sociales y Estadísticas,
主題:
標簽: 添加標簽
沒有標簽, 成為第一個標記此記錄!

MARC

LEADER 00000 a a2200000 04500
001 17212
003
040
090 |a 1001 CR8375e (5)  
110 |a Costa Rica. Ministerio de Trabajo y Seguridad Social  
245 |a Empleo, horas trabajadas y salarios pagados en las industrias manufactureras, construcción y eléctricas, marzo de 1973  
260 |a San José :   |b MTSS. Depto. de Investigaciones Sociales y Estadísticas,  
300 |a 47 p.  
650 |a EMPLEO  
650 |a HORAS DE TRABAJO  
650 |a SALARIOS  
999 |c 15382  |d 15382